000 01131nas a2200337 4500
001 BR2013003651
003 BR-BrBNA
005 20231205122320.0
007 ta
008 230509b bl.|||p| |||| 00| 00por d
040 _aBR-BrBNA
_bpor
_cBiblioteca Nacional de Agricultura
041 _a(Pt)
072 _aL70
100 1 _aBrondani, J.T.
100 1 _aLuna, S.P.L.
100 1 _aMinto, B.W.
100 1 _aSantos, B.P.R.
100 1 _aBeier, S.L.
100 1 _aMatsubara, L.M.
100 1 _aPadovani, C.R.
100 1 _a
245 1 _aValidade e responsividade de uma escala multidimensional para avaliação de dor pós-operatória em gatos
246 1 _aValidity and responsiveness of a multidimensional composite scale to assess postoperative pain in cats
650 _aGATO
650 _aCIRURGIA
650 _aVETERINÁRIA
773 0 _tArquivo Brasileiro de Medicina Veterinária e Zootecnia (Brazil)
_xISSN 0102-0935
_g(Dec 2012), v. 64(6) p. 1529-1538
_wBR2013003651
856 4 0 _uhttp://www.scielo.br/pdf/abmvz/v64n6/19.pdf
909 _a202311
_bLúcia
_c55
_dLúcia Elande
942 _2AGRIS
_n0
_cANA
999 _c228023
_d228023